Sports Quiz

Random Sports Quiz

Australian Football League Fun Facts Quiz Stats

 Plays Quiz not verified by Sporcle

Challenge
Share
Tweet
Embed
Score 0/10 Timer 05:00
0 Plays Today
Sentence Answer % Correct
What was the animal that was released onto the Sydney Cricket Ground in 1993?Pig
77.8%
The first AFL games were played next to where the _ is nowMCG
67.7%
An AFL field was not an oval but a _ when the game started Rectangle
55.6%
The highest grand final score recorded is 177 where _ beat _ in 1972Carlton Richmond
36.4%
The only AFL game that has taken place over two days was against _ and _ in 1996St Kilda Essendon
23.2%
No player with a surname starting with _ or _ have played in a premiershipU X
20.2%
When the AFL first started, there was no time limit and the game ended when a team got _ goals, it got too dark to continue or the ball bursttwo
17.2%
In 1965 and 1984, Essendon won the premiership with the exact same score of _105
16.2%
The lowest grand final score recorded is _ where _ lost against Collingwood in 192713 Richmond
12.1%
About _ % of AFL players are indigenous Australians nine
12.1%

You're not logged in!

Compare scores with friends on all Sporcle quizzes.
OR
Log In

You Might Also Like...

Show Comments

Extras

Top Quizzes Today


Score Distribution

Your Account Isn't Verified!

In order to create a playlist on Sporcle, you need to verify the email address you used during registration. Go to your Sporcle Settings to finish the process.

Report this User

Report this user for behavior that violates our Community Guidelines.

Details: